Stars! Stars! Stars! (Record no. 3023)

MARC details
000 -LEADER
fixed length control field 01045nam a22002897a 4500
001 - CONTROL NUMBER
control field 3023
003 - CONTROL NUMBER IDENTIFIER
control field FISKH
005 - DATE AND TIME OF LATEST TRANSACTION
control field 20241127100654.0
008 - FIXED-LENGTH DATA ELEMENTS--GENERAL INFORMATION
fixed length control field 240131b cb ||||| |||| 00| 0 eng d
020 ## - INTERNATIONAL STANDARD BOOK NUMBER
International Standard Book Number 9780545266956
040 ## - CATALOGING SOURCE
Original cataloging agency FISKH
Language of cataloging eng
Transcribing agency FISKH
Modifying agency FISKH
050 ## - LIBRARY OF CONGRESS CALL NUMBER
Classification number PZ7.W15875
082 ## - DEWEY DECIMAL CLASSIFICATION NUMBER
Classification number 523.8
100 ## - MAIN ENTRY--PERSONAL NAME
Personal name Wallace, Nancy Elizabeth
245 ## - TITLE STATEMENT
Title Stars! Stars! Stars!
Statement of responsibility, etc. Written and illustrated by Wallace, Nancy Elizaberth
250 ## - EDITION STATEMENT
Edition statement First Scholastic printing, September 2010
260 ## - PUBLICATION, DISTRIBUTION, ETC.
Place of publication, distribution, etc. New York :
Name of publisher, distributor, etc. Scholastic ,
Date of publication, distribution, etc. 2009
300 ## - PHYSICAL DESCRIPTION
Extent 40 pages :
Other physical details color illustrations ;
Dimensions 21 cm .
505 ## - FORMATTED CONTENTS NOTE
Formatted contents note L <br/>
520 ## - SUMMARY, ETC.
Summary, etc. When Minna expresses an interest in stars, her mother suggests she invite a few friends to a star party, including a special dinner, a trip to the new Star Space at the Children's Museum, and star-gazing.
521 8# - TARGET AUDIENCE NOTE
Target audience note 540 <br/>
Source Lexile <br/>
521 8# - TARGET AUDIENCE NOTE
Target audience note L <br/>
Source Raz-Plus <br/>
600 ## - SUBJECT ADDED ENTRY--PERSONAL NAME
Source of heading or term solar systems
Form subdivision non-fiction
610 ## - SUBJECT ADDED ENTRY--CORPORATE NAME
Source of heading or term stars
Form subdivision non-fiction
700 ## - ADDED ENTRY--PERSONAL NAME
Personal name Cuyler, Margery
Relator term editor
942 ## - ADDED ENTRY ELEMENTS (KOHA)
Source of classification or shelving scheme Dewey Decimal Classification
Koha item type Books
Suppress in OPAC No
Holdings
Withdrawn status Lost status Source of classification or shelving scheme Damaged status Not for loan Collection Home library Current library Shelving location Date acquired Total Checkouts Full call number Barcode Date last seen Price effective from Koha item type Copy number
    Dewey Decimal Classification     Non-Fiction Footprints International School Library Network Toul Kork Campus Footprints International School Library Network Toul Kork Campus   01/31/2024   WAL 523.8 PZ7.W15875 FISBK05380 01/31/2024 01/31/2024 Books  
    Dewey Decimal Classification     Non-Fiction Footprints International School Library Network Toul Kork Campus Footprints International School Library Network Toul Kork Campus TK Primary Library Room(4th Floor), Bookcase 3&4, Shelves 17-32, Yellow Books 11/27/2024   WAL 523.8 PZ7.W15875 2024-2385 11/27/2024 11/27/2024 Books 2